| 000 | 00542nam a2200193 i 4500 | ||
|---|---|---|---|
| 001 | 28906 | ||
| 003 | ES-MaACL | ||
| 005 | 20251012210007.0 | ||
| 007 | t| | ||
| 008 | 030120s1911 sp f |||| |dspa d | ||
| 080 | _a75 Lucas, Eugenio | ||
| 100 | 1 |
_aBalsa de la Vega, Rafael. _925104 |
|
| 245 | 1 | 0 |
_aEugenio Lucas / _cR. Balsa de la Vega. |
| 260 |
_aMadrid : _b[s.n.], _c1911. |
||
| 300 |
_a100 p., 25 h. de lám. ; _c17 cm. |
||
| 600 | 1 | 7 |
_aLucas, Eugenio, _d1817-1870 _2 _9150737 |
| 852 |
_aES-MaACL _j1486-F-8 |
||
| 999 |
_c28906 _d28906 |
||